00950nam a2200253 a 450000100100000000500170001000800410002702000150006804000250008308200170010810000370012524500920016225000200025426000390027430000210031350000760033450400410041065000310045165000280048270000450051004900090055595201150056499900170067900001704020240226140809.0100316s2001 dr 000 0 spa d a084200091X aDO-SdBNPbspacBNPHU a61553bM296a1 aMañón Rossi, Wilfredo93759910aAdán :bel primer naturista. /cWilfredo Mañón Rossi; prólogo José R. Dunker. a2a ed. revisada aSanto Domingo :bCE-NATURA,c2001. a254 p. ;c21 cm. aIncluye datos biográficos del autor en la solapa de la contracubierta aIncluye bibliografías [p. 251-254] 4aPlantas medicinales921554 4aMedicina natural9376001 aDunker L., José,d1943-epról.91027 aBNPD 0010718PDaPDbPDcCTd2010-03-16iLF1l0o61553 M296ap17040-10r2020-06-25w2020-06-25yLFPDZNo se presta c16566d16566